Company law case citators : Malaysia and Singapore (1932 - 1994)
| Other Authors: | |
|---|---|
| Format: | Book |
| Published: |
K. L. :
Central Law Book Cor[oration ,
1994
|
| Subjects: |
MARC
| LEADER | 00000cam a2200000 7i4500 | ||
|---|---|---|---|
| 001 | 0000004366 | ||
| 005 | 20240909.0 | ||
| 020 | |a 9839088319 | ||
| 040 | |a INS | ||
| 090 | 0 | 0 | |a RKP6956.A26 |b C65 1994 |
| 245 | 1 | 0 | |a Company law case citators : |b Malaysia and Singapore (1932 - 1994) |c Compiled by Maimoonah Hamid |
| 260 | |a K. L. : |b Central Law Book Cor[oration , |c 1994 | ||
| 300 | |a 300p. | ||
| 650 | 0 | 0 | |a Corporation law |z Malaysia |
| 650 | 0 | 0 | |a Corporation law |z Singapore |
| 700 | 0 | |a Maimoonah Hamid | |
| 999 | |a 0000006251 |b BOOK |c Reference |e Default branch | ||